Das britische Parlament in der Aussenpolitik 1892 - 1902 : (Titelsatznr. 50205)
[ MARC ]
| 000 -Satzkennung | |
|---|---|
| Kontrollfeld mit fester Länge | 00618nam a22001811c 4500 |
| 001 - Kontrollnummer | |
| Kontrollfeld | a987689948 |
| 008 - Feld mit fester Länge zur physischen Beschreibung - Allgemeine Angaben | |
| Kontrollfeld mit fester Länge | 180711s1972 gw |||| 000u ger d |
| 041 ## - Sprachcode | |
| Sprachcode des Textes/der Tonspur oder des separaten Titels | ger |
| 040 ## - Katalogisierungsquelle | |
| Übertragungsstelle | RU-10907106 |
| 003 - Kontrollnummer Identifier | |
| Kontrollfeld | RU-10907106 |
| 100 1# - Haupteintragung - Personenname | |
| Personenname | Pirnie, Bruce R. |
| 245 04 - Titel | |
| Titel | Das britische Parlament in der Aussenpolitik 1892 - 1902 : |
| Zusatz zum Titel | Inaugural-Dissertation zur Erlangung der Doktorwürde der Philosophisch-Historischen Fakultät der Ruprecht-Karl-Universität zu Heidelberg / |
| Verfasserangabe etc. | Bruce R. Pirnie |
| 264 ## - Produktion, Veröffentlichung, Distribution, Herstellung und Urheberrechtsvermerk | |
| Herstellungs-, Veröffentlichungs- Vertriebs-, Erzeugungsort | Utica, New York, |
| Datum der Herstellung, der Veröffentlichung, des Vertriebs oder des Urheberschutzvermerks | 1972 |
| 300 ## - Physische Beschreibung | |
| Umfang | 260 S. |
| 502 ## - Dissertationsvermerk | |
| Dissertationsvermerk | Heidelberg, Univ |
| 655 #0 - Indexierungsterm - Genre/Form | |
| Genre/Form oder fokussierter Term | Hochschulschrift |
| 942 ## - Zusätzliche Felder (Koha) | |
| Koha-Medientyp | Monographien |
| Ausgeschieden | Verloren | Klassifikation oder Aufstellungssystematik | Beschädigt | Nicht entleihbar | Heimatbibliothek | Aufenthaltsbibliothek | Aufstellungsort | Erwerbungsdatum | Inventarnummer | Signatur | Barcode | Letzte Aktivität | Preis gültig von | Koha-Medientyp |
|---|---|---|---|---|---|---|---|---|---|---|---|---|---|---|
| Andere/Generische Klassifikation | MWN Osteuropa | MWN Osteuropa | Lesesaal - 1 | 11/07/2018 | 18-01269 Ersatzß | W 54 D c Pir | E00401506CBF5171 | 23/02/2021 | 22/03/2021 | Monographien |